[Event "Banff op"]
[Site "Banff"]
[Date "2023.11.11"]
[Round "4"]
[White "Wu, Nicholas Pei Chang"]
[Black "Chen, Ryan1"]
[Result "0-1"]
[WhiteElo "1459"]
[BlackElo "1688"]
[PlyCount "90"]
[EventDate "2023.11.10"]
[EventType "swiss"]
[EventRounds "6"]
[EventCountry "CAN"]
[SourceTitle "CB47_2023"]
[SourceDate "2023.11.22"]
[SourceVersion "1"]
[SourceVersionDate "2023.11.22"]
[SourceQuality "1"]

1. d4 d5 2. Bf4 c5 3. e3 Nc6 4. Nf3 Nf6 5. Nbd2 Qb6 6. dxc5 Qxb2 7. Rb1 Qc3 8. Bb5 Bd7 9. 0-0 g6 10. Nb3 Bg7 11. Nfd4 0-0 12. Be2 a6 13. a3 e5 14. Nxc6 Bxc6 15. Bg5 Ne4 16. Be7 Rfe8 17. Bh4 Nxc5 18. Nxc5 Qxc5 19. Ra1 Ba4 20. Rc1 e4 21. Bg3 Rac8 22. Bg4 f5 23. Bh3 Bc3 24. Bf4 Bb5 25. Bxf5 gxf5 26. Qh5 Qf8 27. Rfd1 Bc4 28. Bh6 Qf7 29. Qg5+ Qg6 30. Qh4 Bf6 31. Qf4 Be5 32. Qh4 Re6 33. Bg5 h6 34. Bf4 Bxf4 35. Qxf4 Qg5 36. Qxg5+ hxg5 37. Rb1 Rc7 38. Rb2 Kf7 39. Rdb1 b5 40. Ra1 a5 41. a4 b4 42. Rc1 Bd3 43. f3 Rec6 44. c3 Rxc3 45. Rxc3 bxc3 0-1

[Event "Banff op"]
[Site "Banff"]
[Date "2023.11.10"]
[Round "2"]
[White "Wu, Nicholas Pei Chang"]
[Black "Zacharias, Nicholas"]
[Result "0-1"]
[WhiteElo "1459"]
[BlackElo "1693"]
[PlyCount "80"]
[EventDate "2023.11.10"]
[EventType "swiss"]
[EventRounds "6"]
[EventCountry "CAN"]
[SourceTitle "CB47_2023"]
[SourceDate "2023.11.22"]
[SourceVersion "1"]
[SourceVersionDate "2023.11.22"]
[SourceQuality "1"]

1. d4 d6 2. Bf4 Nf6 3. Nc3 Nbd7 4. e4 e5 5. Be3 c6 6. Nf3 Qc7 7. h3 Be7 8. Qd2 b5 9. Bd3 Bb7 10. g4 Nb6 11. g5 Nfd7 12. Nh4 b4 13. Nd1 c5 14. d5 g6 15. b3 h6 16. Nf3 hxg5 17. Nxg5 Bxg5 18. Bxg5 f6 19. Be3 0-0-0 20. Nb2 f5 21. Bg5 Rdf8 22. f3 Nf6 23. 0-0-0 Nh5 24. h4 Ng3 25. Rhg1 f4 26. Nc4 Nxc4 27. Bxc4 a6 28. Qd3 Qb6 29. Qd2 Kc7 30. Qg2 Ra8 31. Qh3 Bc8 32. Qg2 Bd7 33. Kb2 a5 34. Qf2 a4 35. Ra1 Bb5 36. Bxb5 Qxb5 37. Qh2 Rhe8 38. Qh3 Qe2 39. Qg4 Qe3 40. Bh6 a3+ 0-1